| 000 | 00694nam a22002297a 4500 | ||
|---|---|---|---|
| 005 | 20250829144621.0 | ||
| 008 | 250829b |||||||| |||| 00| 0 eng d | ||
| 037 | _cTB | ||
| 040 |
_aAL _cAL |
||
| 041 |
_2Eng _aEnglish |
||
| 084 |
_aO122,6N13x 111J5;P0 _qAL |
||
| 100 |
_aby Camus, Albert _9819417 |
||
| 245 | _aMyth of sisyphus and other essays | ||
| 260 |
_aUSA, New York. _bAlfred A Knopf _c2000 |
||
| 300 | _avi,212p. | ||
| 365 |
_b4.99 _cGBP |
||
| 546 | _aIn english; Summaries in French | ||
| 650 | _2ENGLISH LITERATURE | ||
| 700 |
_aCamus, Albert _eAuthor |
||
| 942 |
_2CC _cTB _hO122,6N13x 111J5;P0 _n0 |
||
| 999 |
_c1434994 _d1434994 |
||